|
|
|
|
| LEADER |
00000nam0a2200000 4500 |
| 001 |
205153 |
| 005 |
20231101225249.0 |
| 010 |
|
|
|a 978516002557X
|
| 035 |
|
|
|a (RuTPU)RU\TPU\book\223606
|
| 035 |
|
|
|a RU\TPU\book\131147
|
| 035 |
|
|
|a RU\TPU\book\181558
|
| 090 |
|
|
|a 205153
|
| 100 |
|
|
|a 20070910d2012 m y0rusy50 ca
|
| 101 |
0 |
|
|a rus
|
| 102 |
|
|
|a RU
|
| 105 |
|
|
|a a j 001zy
|
| 200 |
1 |
|
|a Теория механизмов и машин
|e учебное пособие для вузов
|f А. И. Смелягин
|
| 210 |
|
|
|a Москва
|c Инфра-М
|d 2012
|
| 215 |
|
|
|a 263 с.
|c ил.
|
| 225 |
1 |
|
|a Высшее образование
|
| 320 |
|
|
|a Литература: с. 260.
|
| 330 |
|
|
|a В настоящем учебном пособии даны рекомендации по выполнению курсовых работ и проектов по ТММ. Приведены требования к оформлению проекта и указан график его выполнения. Рассмотрены вопросы структурного и кинематического анализа различных механизмов. Выполнено динамическое исследование рычажного механизма. Проведен силовой анализ рычажных механизмов. Изучен синтез кулачковых механизмов и зубчатых передач. Пособие содержит как справочные материалы, так и пример анализа механизма поперечно-строгального станка. Учебное пособие может быть использовано студентами при выполнении проектов, дипломных работ, магистерских диссертаций при изучении курса "Теории механизмов и машин".
|
| 451 |
|
1 |
|0 (RuTPU)RU\TPU\book\131147
|y 978-5-16-002557-5
|t Теория механизмов и машин. Курсовое проектирование
|o учебное пособие
|f А. И. Смелягин
|g Новосибирский государственный технический университет (НГТУ)
|c М.
|n Инфра-М
|c Новосибирск
|n Изд-во НГТУ
|d 2007
|p 263 с.
|s Высшее образование
|a Смелягин, Анатолий Игоревич
|
| 451 |
|
|
|y 978-5-7782-0382-2
|
| 606 |
1 |
|
|a Механизмы и машины
|x Теория
|x Курсовое проектирование
|2 stltpush
|3 (RuTPU)RU\TPU\subj\43537
|9 63025
|
| 610 |
1 |
|
|a курсовые проекты
|
| 610 |
1 |
|
|a структурный анализ
|
| 610 |
1 |
|
|a кинематический анализ
|
| 610 |
1 |
|
|a рычажные механизмы
|
| 610 |
1 |
|
|a динамический анализ
|
| 610 |
1 |
|
|a силовой анализ
|
| 610 |
1 |
|
|a кулачковые механизмы
|
| 610 |
1 |
|
|a зубчатые механизмы
|
| 610 |
1 |
|
|a учебные пособия
|
| 675 |
|
|
|a 621.01.001.63(075.8)
|v 3
|
| 700 |
|
1 |
|a Смелягин
|b А. И.
|g Анатолий Игоревич
|
| 801 |
|
1 |
|a RU
|b 63413507
|c 20111207
|
| 801 |
|
2 |
|a RU
|b 63413507
|c 20150601
|g RCR
|
| 900 |
|
|
|a Теория механизмов и машин
|
| 942 |
|
|
|c BK
|
| 951 |
|
|
|b 151900
|b 151000
|
| 959 |
|
|
|a 98/20111207
|d 2
|e 206,91
|f ЧЗТЛ:1
|f АНЛ:1
|